000 00790nam a2200205Ia 4500
003 GCL
008 140319s9999 xx 000 0 ara d
020 _a0070307977
040 _aGCL /
_cGCL
082 0 4 _a004.678
_bج م
100 1 _aبريستون جرالا
245 1 0 _aمرشد الاذكياء الكامل الى حماية جهازك أثناء التواجد على الانترنت /
_cبريستون جرالا
260 _aالقاهرة :
_bدار الفاروق للنشر والتوزيع ،
_c1999
300 _a400 ص ؛
_c22 سم
650 0 4 _aالبرامج الالية
650 0 4 _aالحاسبات الالكترونية - برامج
650 0 4 _aالإنترنت
650 0 4 _aالحاسبات الالكترونية - فيروسات
942 _2ddc
_cBK
999 _c27998
_d27998